Common Sense Economics: (Record no. 608284)

000 -LEADER
fixed length control field 00671nam a22002177a 4500
003 - CONTROL NUMBER IDENTIFIER
control field OSt
005 - DATE AND TIME OF LATEST TRANSACTION
control field 20240227094412.0
008 - FIXED-LENGTH DATA ELEMENTS--GENERAL INFORMATION
fixed length control field 180712t xxu||||| |||| 00| 0 eng d
020 ## - INTERNATIONAL STANDARD BOOK NUMBER
International Standard Book Number 9789699515231
040 ## - CATALOGING SOURCE
Transcribing agency 0
082 ## - DEWEY DECIMAL CLASSIFICATION NUMBER
Classification number 330
Author Mark AYU
100 10 - MAIN ENTRY--PERSONAL NAME
Personal name Ayub Mehar
9 (RLIN) 121363
245 10 - TITLE STATEMENT
Title Common Sense Economics:
Remainder of title What Everyone should know about wealth and prosperity
260 ## - PUBLICATION, DISTRIBUTION, ETC.
Place of publication, distribution, etc. Islamabad;
Name of publisher, distributor, etc. Economic Freedom Network Pakistan;
Date of publication, distribution, etc. 2014.
300 ## - PHYSICAL DESCRIPTION
Extent 199p.:
Dimensions 20cm.
651 ## - SUBJECT ADDED ENTRY--GEOGRAPHIC NAME
Geographic name Saving and Investment
9 (RLIN) 121364
651 ## - SUBJECT ADDED ENTRY--GEOGRAPHIC NAME
Geographic name Wealth
9 (RLIN) 121365
651 ## - SUBJECT ADDED ENTRY--GEOGRAPHIC NAME
Geographic name Economics
9 (RLIN) 121366
942 ## - ADDED ENTRY ELEMENTS (KOHA)
Source of classification or shelving scheme
Koha item type Book
Institution code [OBSOLETE] SADA
Call number prefix 330 AYU 2014
Holdings
Withdrawn status Lost status Source of classification or shelving scheme Damaged status Not for loan Permanent Location Current Location Date acquired Source of acquisition Total Checkouts Full call number Barcode Date last seen Copy number Price effective from Koha item type
          School of Art Design and Architecture (SADA) School of Art Design and Architecture (SADA) 02/13/2018 Donation   330 AYU 2014 SADAD0000359 02/27/2024 01 02/27/2024 Book
          School of Art Design and Architecture (SADA) School of Art Design and Architecture (SADA) 02/13/2018 Donation   330 AYU 2014 SADAD0000360 02/27/2024 02 02/27/2024 Book
© 2023 Central Library, National University of Sciences and Technology. All Rights Reserved.